000 00847nam a2200169Ia 4500
005 20260302161543.0
008 260302s9999 xx 000 0 und d
020 _a9781847200891
082 _a338.9
_bFAR
100 _aFarshchi, Mahtab A.
245 0 _aTechnological Change and Mature Industrial Regions /
_cFarshchi, Mahtab A.; Janne, Odile E. M.; McCann, Philip
260 _bEdward Elgar Publishing,
_c2009
520 _aContributes to an understanding of regional structural transformation in the context of globalisation and technological changes, and the formation and evaluation of more differentiated policy making in this area. This book focuses on the critical issues relating to the technology, knowledge, and industrial structure of mature regions.
650 _aIndustrial policy
700 _aMcCann, Philip
942 _cENGLISH
999 _c616682
_d616682